Pediatrics (Record no. 32341)

MARC details
000 -LEADER
fixed length control field 00668nam a2200193 a 4500
008 - FIXED-LENGTH DATA ELEMENTS--GENERAL INFORMATION
fixed length control field 110916s1989 ||||||||||||||||| || u
020 ## - INTERNATIONAL STANDARD BOOK NUMBER
International Standard Book Number 0397508549
050 ## - LIBRARY OF CONGRESS CALL NUMBER
Classification number RJ 47 Ped
100 ## - MAIN ENTRY--PERSONAL NAME
Personal name Hudak, Mark
245 10 - TITLE STATEMENT
Title Pediatrics
Statement of responsibility, etc. by Robert A. Wood, [and others]
260 ## - PUBLICATION, DISTRIBUTION, ETC.
Place of publication, distribution, etc. London:
Name of publisher, distributor, etc. J.B. Lippincott
Date of publication, distribution, etc. 1989
300 ## - PHYSICAL DESCRIPTION
Extent xiii, 577p.: ill.
350 ## -
-- 0.00
650 ## - SUBJECT ADDED ENTRY--TOPICAL TERM
Topical term or geographic name entry element PAEDIATRICS
650 #0 - SUBJECT ADDED ENTRY--TOPICAL TERM
Topical term or geographic name entry element PEDIATRICS
700 ## - ADDED ENTRY--PERSONAL NAME
Personal name Fosarelli, Patricia
700 ## - ADDED ENTRY--PERSONAL NAME
Personal name Wood, Robert. A
995 ## -
-- MEDICAL LIBRARY OPEN ACCESS
-- 0.00
-- 901176
-- CBU-SCHOOL OF MEDICINE LIBRARY (Ndola)
-- 1
-- 0.00
-- RJ 47 PED
-- 1
-- AVAILABLE
-- Oct 14, 2011
-- 901176
-- Medical Library Open Access Collection
999 ## -
-- 32341
-- 32341
Holdings
Withdrawn status Lost status Source of classification or shelving scheme Damaged status Not for loan Permanent Location Current Location Shelving location Date acquired Total Checkouts Full call number Barcode Date last seen Price effective from Koha item type
          CBU-SCHOOL OF MEDICINE LIBRARY, NDOLA. CBU-SCHOOL OF MEDICINE LIBRARY, NDOLA.   11/30/2022   RJ 47 Ped 901176 11/30/2022 11/30/2022 MONOGRAPH